Gamboa-Rivera (Record no. 1826)
[ view plain ]
| 000 -CABECERA | |
|---|---|
| campo de control de longitud fija | 00929nam a2200241 a 4500 |
| 001 - NÚMERO DE CONTROL | |
| campo de control | BRCA_2067 |
| 005 - FECHA Y HORA DE LA ÚLTIMA TRANSACCIÓN | |
| campo de control | 20190320203644.0 |
| 008 - DATOS DE LONGITUD FIJA--INFORMACIÓN GENERAL | |
| campo de control de longitud fija | 070808s2004----mx-a---###---#000-0#spa-# |
| 041 ## - CÓDIGO DE LENGUA | |
| Código de lengua del texto/banda sonora o título independiente | spa |
| 044 ## - CÓDIGO DEL PAÍS DE LA ENTIDAD EDITORA/PRODUCTORA | |
| Código MARC del país | mx |
| 050 #4 - SIGNATURA TOPOGRÁFICA DE LA BIBLIOTECA DEL CONGRESO | |
| Número de clasificación | N6559.R5 |
| Número de documento/Ítem | .G36 2004 |
| 245 10 - MENCIÓN DE TÍTULO | |
| Título | Gamboa-Rivera |
| Resto del título | crónicas de una magna exposición |
| Mención de responsabilidad, etc. | textos Patricia Gamboa, Carlos Castillo Cruz, Elizabeth Jaimes Peña. |
| 260 ## - PUBLICACIÓN, DISTRIBUCIÓN, ETC. | |
| Lugar de publicación, distribución, etc. | México |
| Nombre del editor, distribuidor, etc. | CONACULTA : INBA |
| Fecha de publicación, distribución, etc. | 2004 |
| 300 ## - DESCRIPCIÓN FÍSICA | |
| Extensión | 46 p. |
| Otras características físicas | il. (algunas a color) |
| Dimensiones | 30 cm. |
| 500 ## - NOTA GENERAL | |
| Nota general | Catálogo de la exposición realizada en el Museo Casa Estudio Diego Rivera y Frida Kahlo (Ciudad de México), mayo-agosto, 2004 |
| 600 14 - PUNTO DE ACCESO ADICIONAL DE MATERIA--NOMBRE DE PERSONA | |
| Nombre de persona | Rivera, Diego |
| Fechas asociadas al nombre | 1886-1957 |
| Subdivisión de forma | Exposiciones |
| 9 (RLIN) | 4891 |
| 600 14 - PUNTO DE ACCESO ADICIONAL DE MATERIA--NOMBRE DE PERSONA | |
| Nombre de persona | Gamboa, Fernando |
| Fechas asociadas al nombre | 1909- |
| Subdivisión de forma | Exposiciones |
| 9 (RLIN) | 6284 |
| 650 14 - PUNTO DE ACCESO ADICIONAL DE MATERIA--TÉRMINO DE MATERIA | |
| Término de materia o nombre geográfico como elemento de entrada | Arte |
| Subdivisión de forma | Exposiciones |
| 9 (RLIN) | 6285 |
| 700 1# - PUNTO DE ACCESO ADICIONAL--NOMBRE DE PERSONA | |
| Nombre de persona | Gamboa, Patricia |
| 9 (RLIN) | 6286 |
| 700 1# - PUNTO DE ACCESO ADICIONAL--NOMBRE DE PERSONA | |
| Nombre de persona | Castillo Cruz, Carlos |
| 9 (RLIN) | 6287 |
| 700 1# - PUNTO DE ACCESO ADICIONAL--NOMBRE DE PERSONA | |
| Nombre de persona | Jaimes Peña, Elizabeth |
| 9 (RLIN) | 6288 |
| 942 ## - ELEMENTOS DE PUNTO DE ACCESO ADICIONAL (KOHA) | |
| Fuente del sistema de clasificación o colocación | Library of Congress Classification |
| Tipo de ítem Koha | Libros |
| Estado de retiro | Estado de pérdida | Estado dañado | No para préstamo | Localización permanente | Ubicación/localización actual | Fecha de adquisición | Total de préstamos | Signatura topográfica completa | Código de barras | Fecha visto por última vez | Precio válido a partir de | Tipo de ítem Koha |
|---|---|---|---|---|---|---|---|---|---|---|---|---|
| El ejemplar forma parte de la colección y puede ser consultado según las políticas vigentes. | Biblioteca del Museo Franz Mayer (Rogerio Casas-Alatriste) | Biblioteca del Museo Franz Mayer (Rogerio Casas-Alatriste) | 07/08/2008 | N6559.R5 .G36 2004 | 00475 | 22/03/2019 | 22/03/2019 | Libros |